000 00191nam a2200073Ia 4500
999 _c8349
_d8349
003 OSt
005 20190515111506.0
008 170524s9999 xx 000 0 und d
040 _cIIMT UNIVERSITY
100 _aKORTH HENERY F
245 0 _aDATA BASE SYSTEM CONCEPTS
260 _bnew delhi : Sultan chand
300 _a1142
942 _2ddc
_c02